Normal view
MARC view
- Oils and fats
Entry Topical Term
001 - CONTROL NUMBER
- control field: 44832
003 - CONTROL NUMBER IDENTIFIER
- control field: NUST
005 - DATE AND TIME OF LATEST TRANSACTION
- control field: 20210314133056.0
008 - FIXED-LENGTH DATA ELEMENTS
- fixed length control field: 210314|| aca||aabn | a|a d
040 ## - CATALOGING SOURCE
- Original cataloging agency: NUST
- Transcribing agency: NUST
150 ## - HEADING--TOPICAL TERM
- Topical term or geographic name entry element: Oils and fats
670 ## - SOURCE DATA FOUND
- Source citation: Work cat.: (NUST): Southcombe, J. E. 44831, Lubricating oil tests and their significance., [1938]
